| 000 | 01074naa a22003017a 4500 | ||
|---|---|---|---|
| 001 | BR7703248 | ||
| 003 | BR-BrBNA | ||
| 005 | 20240918174003.0 | ||
| 007 | ta | ||
| 008 | 230509b bl.||||| |||| 00| 0 por d | ||
| 040 |
_aBR-BrBNA _bpor _cBiblioteca Nacional de Agricultura |
||
| 041 | _a(Pt) | ||
| 072 |
_aF70 _b/G514 |
||
| 090 | _aF70 BR7703248 | ||
| 100 | 1 | _aSaddi, N. | |
| 111 | 1 |
_a26. Congresso Nacional de Botanica _cRio de Janeiro, RJ (Brazil) _d26 Jan 1975 |
|
| 245 | 1 | _aPrimeira contribuicao sobre a flora de Humboldt (Aripuana, Mato Grosso) | |
| 260 | 3 |
_aRio de Janeiro, RJ (Brasil): _c1977. |
|
| 500 | _aTrabalhos do 26. Congresso Nacional de Botanica Rio de Janeiro, RJ (Brasil): 1977. p. 519-568 (BR7703248-AM)F70 | ||
| 650 | _aTaxonomia vegetal | ||
| 650 | _aFlora | ||
| 650 | _aVegetacao | ||
| 650 | _aDistribuicao geografica | ||
| 650 | _aMato Grosso | ||
| 773 | 0 |
_tTrabalhos do 26. Congresso Nacional de Botanica _wF70 BR7703248 _gRio de Janeiro, RJ (Brasil), 1977. p. 519-568 |
|
| 909 |
_a202404 _bLucia _c55 _dLucia Elande |
||
| 942 |
_cAM _2AGRIS |
||
| 999 |
_c308163 _d308163 |
||